Statistiques concernant Quelques Empereurs Romains

Cliquez ici pour prendre le quiz!

Statistiques générales

  • Ce quiz a été pris 215 fois
  • Le résultat moyen est 8 sur 12

Statistiques - réponses

IndiceRéponse% Correct
Accusé d’avoir brulé Rome. Il se suicide après avoir prononcé «Quel artiste meurt avec moi».Néron (37 - 68)
94%
Premier Empereur après avoir mis fin à la guerre civile.Auguste (-63 - 14)
86%
Fou mégalomane dont Albert Camus écrira une pièce éponyme.Caligula (12 - 41)
82%
Empereur pacifiste et voyageur dont M. Yourcenar dresse les "Mémoires".Hadrien (76 - 138)
73%
Premier Empereur chrétien. Déplace la capitale sur l’actuelle Istanbul.Constantin (272 - 337)
72%
Philosophe stoicien.Marc-Aurèle (121 -180)
72%
Fils du précedent, Joaquim Phoenix dans «Gladiateur».Commode (161 - 192)
65%
Grand reformateur dont certaines toilettes ont gardées le nom.Vespasien (9 - 79)
65%
Il conquiert l’Angleterre, ce qui lui confère le titre de Britannicus.Claude (-10 - 54)
60%
Conquiert la Dacie (Roumanie) et élargit l’Empire à son extension maximale.Trajan (52 - 117)
59%
Ordonne la prise de Jerusalem en 70. Amoureux de Bérénice.Titus (39 - 81)
54%
Dernier à régner sur l'Empire unifié avant sa division en deux.Théodose Ier (347 - 395)
34%

Distribution des résultats

Percentile par nombre de réponses

% des personnes avec chaque résultat

Votre développement - résultats

Vous n’avez pas pris ce quiz